000 00514nam a2200181Ia 4500
005 20240711014943.0
008 240331s9999 xx 000 0 und d
020 _a0761935398
082 _bSEX
245 0 _aSex selective abortion in India
_bGender, Society and New Reproductive Technologies
260 _aNew Delhi
_bSage Publications India Pvt Ltd.
_c2007
300 _a432 p .,
650 _aAbortion - india
650 _aSexism
650 _aSex Distribution
700 _aPatel, Tulsi
_eedt
942 _cL
999 _c4522
_d4522